000
00275nam a2200121Ia 4500
003
OSt
005
20250509154452.0
040
_c
LCC
050
_a
HT 148 .K4 U73 1981
100
_a
Obudho,R. A.
245
0
_a
Urbanization and Development Planning in Kenya
942
_c
BK
_2
ddc
_n
0
999
_c
74511
_d
74511